Touhou Games - Statistics

General Stats
  • This quiz has been taken 70 times
    43 since last reset
  • The average score is 30 of 33
Answer Stats
Picture Answer % Correct
Imperishable Night (IN)
100%
Legacy of Lunatic Kingdom (LoLK)
100%
Mountain of Faith (MoF)
100%
Perfect Cherry Blossom (PCB)
100%
Subterranean Animism (SA)
100%
Ten Desires (TD)
100%
Undefined Fantastic Object (UFO)
100%
Double Dealing Character (DDC)
97%
Embodiment of Scarlet Devil (EoSD)
97%
Lotus Land Story (LLS)
97%
Phantasmagoria of Flower View (PoFV)
97%
Fairy Wars (FW)
94%
Fossilized Wonders (FW)
94%
Highly Responsive to Prayers (HRtP)
94%
Scarlet Weather Rhapsody (SWR)
94%
Shoot the Bullet (StB)
94%
Touhou Hisoutensoku (TH)
94%
Double Spoiler (DS)
91%
Mystic Square (MS)
91%
Unconnected Marketeers (UM)
91%
Hidden Star in Four Seasons (HSiFS)
88%
Immaterial and Missing Power (IaMP)
88%
Antinomy of Common Flowers (AoCF)
85%
Hopeless Masquerade (HM)
85%
Violet Detector (VD)
85%
Impossible Spell Card (ISC)
82%
Phantasmagoria of Dim. Dream (PoDD)
82%
Story of Eastern Wonderland (SoEW)
82%
Wily Beast and Weakest Creature (WBaWC)
82%
Unfinished Dream of All Living Ghost (UDoALG)
74%
Urban Legend in Limbo (ULiL)
71%
Sunken Fossil World (SFW)
68%
100th Black Market (100thBM)
65%
No matching quizzes found
Score Distribution
Percent of People with Each Score
Percentile by Number Answered
Your Score History
You have not taken this quiz since the last reset